Responses for Show #6221 - Monday, October 10, 2011

Joon Pahk game 6.

Contestants

[<< previous game]

Jared Balkman, a vending route driver from Appleton, Wisconsin

Hannah Wachs, an elementary school teacher from Irvine, California

Joon Pahk, a college physics teacher from Somerville, Massachusetts (whose 5-day cash winnings total $146,200)

[next game >>]

Jeopardy! Round responses

CELEBRITY MEMOIRS
SCRAMBLED KEGS
MONEY, MONEY, MONEY
THE RIVER'S TRIBUTARIES
(Alex: We'll give them to you. You tell us the main river.)
THIS YEAR IN HISTORY
ADJECTIVES OF THE YOUNG AND THE RESTLESS
(Jack Abbott: Dramatic, sensual, intense--these are some of the [*] and today we'll bring you more.)
    $200 2
Tina Fey

Joon
    $200 23
Fosters

Joon
    $200 1
the $50

Hannah
    $200 18
the Amazon

Jared
    $200 7
Alcatraz

Joon
    $200 11
jaded

Joon
    $400 4
Ashley Judd

Joon
    $400 24
Michelob

Jared
    $400 3
the yen

Hannah
    $400 19
the Thames

Joon
    $400 8
Ethan Allen

Joon
    $400 15
trustworthy

Joon
    $600 6
Rob Lowe

Triple Stumper
    $600 25
Stella Artois

Joon
    $600 5
the euro

Hannah
    $600 20
(Jared: What is the Tiber?)

the Po

Jared
Triple Stumper
    $600 9
Standard & Poor's

Joon
    $600 28
despicable

Hannah
    $800 16
Chaz Bono

Joon
    $800 26
Amstel Light

Joon
    $2,400 13
(Alex: In order of admission to the Union, [*] was first, and that takes you to $5,400.)

Delaware

Joon
    $800 21
(Hannah: What is the Seine?)

the Rhine

JoonHannah
    $800 10
the Bastille

Hannah
    $800 29
suspicious

Jared
    $1000 17
Shania Twain

Triple Stumper
    $1000 27
Rolling Rock

Jared
    $1000 14
Iran

Hannah
    $1000 22
the Yukon

Joon
    $1000 12
The Compleat Angler

Joon
    $1000 30
(Alex: I've gotta get me a role on The Young and the Restless.)

wicked

Joon

Scores at the first commercial break (after clue 15):

Joon Hannah Jared
$5,800 $3,000 $0

Scores at the end of the Jeopardy! Round:

Joon Hannah Jared
$11,400 $2,800 $1,800

Double Jeopardy! Round responses

"A" IN MATH
NAMES IN SONG TITLES
SISTER SISTER
TENNESSEE WILLIAMS
CONSTITUTIONAL NO-NOs
CANINE WORDS & PHRASES
    $400 1
acute

Hannah
    $400 30
Mary

Joon
    $400 19
Anne Frank

Joon
    $400 7
(Joon: What is Some Like It Hot?)

Cat on a Hot Tin Roof

Joon
Triple Stumper
    $400 12
war

Joon
    $400 2
a dogleg

Joon
    $800 3
an arc

Joon
    $800 29
Tim

Jared
    $800 22
Virginia Woolf

Hannah
    $800 8
The Glass Menagerie

Joon
    $800 13
religion

Joon
    $800 15
dog tags

Hannah
    $1200 4
an algorithm

Jared
    $1200 28
Christian

Jared
    $1200 23
Heart

Joon
    $1200 9
Memphis

Triple Stumper
    $1200 14
a witness

Hannah
    $1200 16
a dog-eat-dog

Hannah
    $1600 5
adjacent

Joon
    $1600 27
Amadeus

Joon
    $1600 24
(Annika) Sorenstam

Jared
    $1600 10
Stanley Kowalski

Joon
    $1600 20
a citizen

Joon
    $1600 17
(Joon: What is "Never cry wolf"?)

Let sleeping dogs lie

JoonJared
    $14,200 6
the altitude

Joon
    $2000 26
Kenneth

Jared
    $2000 25
Sanchez

Triple Stumper
    $4,000 11
(Alex: You've been very dominant, and, you know, if you made this a True Daily Double, you could--)
(Joon: Not a chance!)
(Alex: --come very close to setting a new 1-day record.)
...
(Alex: Joon?)
(Joon: What is Clothes for a Summer Hotel?)

The Rose Tattoo

Joon
    $2000 21
a poll tax

Hannah
    $2000 18
a dog and pony show

Hannah

Scores at the end of the Double Jeopardy! Round:

Joon Hannah Jared
$31,200 $11,200 $10,200
(lock game)

[wagering suggestions for these scores]

Final Jeopardy! Round responses

THE REVOLUTIONARY WAR
(Alex: [Revealing Jared's response] Sorry. He negotiated with Benedict, but it was not him.)
JaredWho is Benedict Arnold?
$1,100
HannahWho is Benedict Arnold?
$9,201
JoonWho is Benedict Arnold?
$7,500
Major John André

Final scores:

Joon Hannah Jared
$23,700 $1,999 $9,100
6-day champion: $169,900 3rd place: $1,000 2nd place: $2,000

Game dynamics:

Coryat scores:

Joon Hannah Jared
$21,400 $11,200 $10,200
30 R
(including 2 DDs),
3 W
(including 1 DD)
13 R,
1 W
10 R,
1 W

Combined Coryat: $42,800

[game clues] [game scores] [suggest correction]

Game tape date: 2011-08-29
The J! Archive is created by fans, for fans. Scraping, republication, monetization, and malicious use prohibited; this site may use cookies and collect identifying information. See terms. The Jeopardy! game show and all elements thereof, including but not limited to copyright and trademark thereto, are the property of Jeopardy Productions, Inc. and are protected under law. This website is not affiliated with, sponsored by, or operated by Jeopardy Productions, Inc. Join the discussion at JBoard.tv.